Tuyển tập thơ văn Bảo Định Giang

Gardado en:
Detalles Bibliográficos
Autor Principal: Bảo Định Giang
Formato: Libro
Idioma:Vietnamese
Publicado: H. Văn học 2004
Những chủ đề:
Các nhãn: Engadir etiqueta
Sen Etiquetas, Sexa o primeiro en etiquetar este rexistro!
Thư viện lưu trữ: Mạng thư viện Đại học Đà Nẵng
LEADER 01095nam a2200349 4500
001 000005667
003 1813
005 20120510140542.0
008 110818s2004 viesd
020 |c 0đ 
041 0 |a vie 
082 |a 895.922  |b BA-G 
100 0 |a Bảo Định Giang 
245 0 |a Tuyển tập thơ văn Bảo Định Giang  |c Bảo Định Giang 
260 |a H.  |b Văn học  |c 2004 
300 |a 1042 tr.  |b ảnh chân dung  |c 21cm. 
653 |a Văn học hiện đại 
653 |a Tuyển tập 
653 |a Hồi ức 
653 |a Thơ 
653 |a Văn 
910 |a Huỳnh Thị Cẩm Lai  |d 18/08/2011 
OWN |a LSP 
AVA |a UDN50  |b LSP  |d 895.922 BA-G  |e available  |t Error 5001 Not defined in file expand_doc_bib_avail.  |f 3  |g 0  |h N  |i 0  |k 1 
999 |a From the UDN01 
AVA |a UDN50  |b LSP  |d 895.922 BA-G  |e available  |t Error 5001 Not defined in file expand_doc_bib_avail.  |f 3  |g 0  |h N  |i 0  |k 1 
TYP |a Monograph 
TYP |a Printed language 
980 |a Mạng thư viện Đại học Đà Nẵng